01192nam a22002537a 4500003000400000005001700004008004100021040002200062082001700084100003400101245004000135260005500175300001800230366000800248490000800256505036300264505004800627505003100675650004800706650004500754650004500799650004400844650005000888OSt20231005073234.0221006b |||||||| |||| 00| 0 eng d cBiblioteca Lado V a631.5bV473b aVera-Herrera, Ramóneeditor aBiodiversidad/bsustento y cultura/ bFundación Pan para todosc2020aAmérica Latina c28x22cma48p. eeng a105 aEditorialtLa parcela agroecológico y la Casa de las simillas La lucha por las semillas, la agroecología y la tierra están entrelazadas Herramientas y cuidados para recobrar nuestra imaginación colectiva Caminos del Semiárido brasileño para la gestión de la agrobiodiversidad Construcción de soberanía alimentaria desde los territorios aAtaques, políticas, resistencias, relatos aUn vistazo, muchas aristas 2Tesauro de Arte & ArquitecturaaAGRICULTURA 2Tesauro de Arte & ArquitecturaaSEMILLAS 2Tesauro de Arte & ArquitecturaaCULTIVOS 2Tesauro de Arte & ArquitecturaaCULTURA 2Tesauro de Arte & ArquitecturaaBIODIVERSIDAD